| 000 | 00813nam a2200205Ia 4500 | ||
|---|---|---|---|
| 008 | 0000001993 sp a 0000000000spa00 | ||
| 090 | _aPSP00 C15m | ||
| 100 | 1 |
_aCampano, Miguel Angel _d1948 |
|
| 245 | 1 | 0 |
_aMiguel Angel Campano _b: pinturas 1993 _c/ fotos Javier Campano |
| 300 |
_a[48] p. _c/ 26 cm. |
||
| 500 | _aExposición realizada en Galería Juana de Aizpuru, Madrid, Septiembre Octubre, 1993 \ Con el patronazgo del maestro venezolano Jesús Rafael Soto (q.e.p.d.) | ||
| 600 | 0 | 0 |
_aCAMPANO, MIGUEL ANGEL, 1948/ _xTRABAJOS PICTORICOS |
| 650 | 1 | 4 | _aARTE CONTEMPORANEO ESPAÑOL |
| 650 | 1 | 4 | _xCATALOGOS |
| 650 | 1 | 4 | _xEXPOSICIONES |
| 650 | 1 | 4 | _aPINTORES ESPAÑOLES |
| 650 | 1 | 4 | _aPINTURA ESPAÑOLA |
| 700 | 1 | _aCampano, Javier | |
| 999 |
_c2177 _d2177 |
||
| 260 |
_aMadrid : Galería Juana de Aizpuru _c1993 |
||